000 00373nam a22001697a 4500
005 20260302100831.0
020 _a9789355739674
041 _aEnglish
082 _a361.3072 Q17 RUB
100 _aRubin Allen
245 _aResearch Methods for Social Work
250 _a09
260 _aAustralia
_bCengage
_c2017
300 _a652
365 _b1500.00
942 _cBK
999 _c176809
_d176809